000 00413nmm a2200145Ia 4500
008 251105s9999||||xx |||||||||||||||||und||
041 _aspa
100 _aLauricella, Michel
245 0 _aAnatomía artística
264 _a[Madrid, España] :
_bEditorial Gustavo Gili,
_c2016
300 _a320 páginas
650 _aArts in general
856 _uhttps://public.digitaliapublishing.com/a/41416
942 _cCF
999 _c106259
_d106259